Most Northern Countries by Continent Quiz Stats

 Plays Quiz Updated Apr 11, 2015

Score 0/6 Timer 03:00
5 Plays Today
Continent Country % Correct
North AmericaCanada
99.5%
AsiaRussia
98.1%
EuropeNorway
93.2%
South AmericaColombia
81.6%
AfricaTunisia
77.7%
OceaniaMarshall Islands
50.3%

You're not logged in!

Compare scores with friends on all Sporcle quizzes.
OR
Log In

Sporcle TV

Today on Sporcle TV


Watch our educational content, quiz creation guides, and fun videos on Sporcle TV.

Show Comments

Extras

Top Quizzes Today


Score Distribution

Your Account Isn't Verified!

In order to create a playlist on Sporcle, you need to verify the email address you used during registration. Go to your Sporcle Settings to finish the process.

Report this User

Report this user for behavior that violates our Community Guidelines.

Details: